书目信息 |
| 题名: |
绿色建造新技术实录
|
|
| 作者: | 冯立雷 主编 | |
| 分册: | ||
| 出版信息: | 北京 机械工业出版社 2020.11 |
|
| 页数: | 161页 | |
| 开本: | 26cm | |
| 丛书名: | ||
| 单 册: | ||
| 中图分类: | TU74 | |
| 科图分类: | ||
| 主题词: | 生态建筑--建筑施工 | |
| 电子资源: | ||
| ISBN: | 978-7-111-66722-3 | |
| 000 | 01290nam0 2200265 45 | |
| 001 | 012001000609 | |
| 005 | 20130911161249.0 | |
| 010 | @a978-7-111-66722-3@dCNY79.00 | |
| 100 | @a20201224d2020 em y0chiy50 ea | |
| 101 | 0 | @achi |
| 102 | @aCN@b110000 | |
| 105 | @aa z 000yy | |
| 106 | @ar | |
| 200 | 1 | @a绿色建造新技术实录@Alv se jian zao xin ji shu shi lu@b专著@f冯立雷主编 |
| 210 | @a北京@c机械工业出版社@d2020.11 | |
| 215 | @a161页@c图,照片@d26cm | |
| 300 | @a并列题名:Green construction record of new technology | |
| 312 | @a封面英文题名:Green construction record of new technology | |
| 330 | @a本书以一个绿色智慧工地的标杆项目——郑州航空港经济综合实验区河东棚户区项目的建造全过程为样本,结合近些年来我国在绿色建造、智慧工地建设的新进展和新成果,从该工程项目的整体介绍、施工技术创新、智慧工地建设、绿色建造、质量管控和安全生产等六个方面,利用大量的现场实拍视频、图片和文字提供了绿色建造的记录和剖析样本,对当前绿色建造、智慧工地建设的新进展、新应用、新成果进行了梳理和讲解,为广大的工程建设者提供了一个可资借鉴和参考的样板工程施工实例。 | |
| 510 | 1 | @aGreen construction record of new technology@zeng |
| 606 | 0 | @a生态建筑@x建筑施工 |
| 690 | @aTU74@v5 | |
| 701 | 0 | @a冯立雷@Afeng li lei@4主编 |
| 801 | 0 | @aCN@bBJSDL@c20211011 |
| 905 | @b1335548-51@dTU74@e1935@f4 | |
| 绿色建造新技术实录/冯立雷主编.-北京:机械工业出版社,2020.11 |
| 161页:图,照片;26cm |
| 并列题名:Green construction record of new technology |
| ISBN 978-7-111-66722-3:CNY79.00 |
| 本书以一个绿色智慧工地的标杆项目——郑州航空港经济综合实验区河东棚户区项目的建造全过程为样本,结合近些年来我国在绿色建造、智慧工地建设的新进展和新成果,从该工程项目的整体介绍、施工技术创新、智慧工地建设、绿色建造、质量管控和安全生产等六个方面,利用大量的现场实拍视频、图片和文字提供了绿色建造的记录和剖析样本,对当前绿色建造、智慧工地建设的新进展、新应用、新成果进行了梳理和讲解,为广大的工程建设者提供了一个可资借鉴和参考的样板工程施工实例。 |
| ● |
| 相关链接 |
|
|
|
|
正题名:绿色建造新技术实录
索取号:TU74/1935
 
预约/预借
| 序号 | 登录号 | 条形码 | 馆藏地/架位号 | 状态 | 备注 |
| 1 | 1335548 | 213355484 | 第二样本阅览室/ [索取号:TU74/1935] | 在馆 | |
| 2 | 1335549 | 213355493 | 第三借阅区/ [索取号:TU74/1935] | 在馆 | |
| 3 | 1335550 | 213355509 | 第三借阅区/ [索取号:TU74/1935] | 在馆 | |
| 4 | 1335551 | 213355518 | 第三借阅区/ [索取号:TU74/1935] | 在馆 |